Cancer nanotechnology : (رقم التسجيلة. 25971)

تفاصيل مارك
000 -الفاتح
حقل البيانات ثابتة الطول 01252cam a2200337 a 4500
001 - رقم الضبط
رقم الضبط 16040315
003 - محدد رقم الضبط
رقم الضبط OSt
005 - وقت وتاريخ اخر تعامل مع التسجيلة
رقم الضبط 20150408114100.0
008 - عناصر البيانات ثابتة الطول - معلومات عامة
حقل البيانات ثابتة الطول 100105s2010 nyua b 001 0 eng
010 ## - رقم ضبط مكتبة الكونجرس
رقم ضبط مكتبة الكونجرس 2010920087
020 ## - الرقم الدولى المعيارى للكتب
الرقم الدولى المعيارى للكتاب 9781607616085 (hardcover : alk. paper)
040 ## - مصدر الفهرسة
وكالة الفهرسة الأصلية DLC
وكالة النسخ DLC
042 ## - رمز التحقق
رمز التحقق pcc
050 00 - رقم طلب مكتبة الكونجرس
رقم التصنيف RC262
رقم المادة .C291165 2010
082 ## - رقم تصنيف ديوى العشرى
رقم الطبعة 22
رقم التصنيف 616.994
رقم المادة CAN
245 00 - بيان العنوان
العنوان Cancer nanotechnology :
بقية العنوان methods and protocols /
بيان المسئوليه,etc edited by Stephen R. Grobmyer and Brij M. Moudgil.
260 ## - PUBLICATION, DISTRIBUTION, ETC. (IMPRINT)
مكان الناشر او الموزع New York :
اسم الناشر او الموزع Humana Press,
تاريخ النشر أو التوزيع c2010.
300 ## - الوصف المادى
التعداد xiii, 396 p. :
تفاصيل ماديه اخرى للوعاء ill.
أبعاد الوعاء 27 cm.
490 0# - بيان السلسلة
عنوان السلسلة Methods in molecular biology,
الرقم الدولى المعيارى للدوريات 1064-3745 ;
رقم المجلد/ التعيين التسلسلي 624
490 0# - بيان السلسلة
عنوان السلسلة Springer protocols
504 ## - تبصرة ببليوجرافية
تبصرة ببليوجرافية,الخ Includes bibliographical references and index.
650 #0 - المدخل الاضافى بالموضوع-مصطلح موضوعى
مصطلح موضوعي أو اسم جغرافي كعنصر مدخل Cancer
التقسيم الفرعي العام Diagnosis.
650 #0 - المدخل الاضافى بالموضوع-مصطلح موضوعى
مصطلح موضوعي أو اسم جغرافي كعنصر مدخل Cancer
التقسيم الفرعي العام Treatment.
650 #0 - المدخل الاضافى بالموضوع-مصطلح موضوعى
مصطلح موضوعي أو اسم جغرافي كعنصر مدخل Nanomedicine.
650 #0 - المدخل الاضافى بالموضوع-مصطلح موضوعى
مصطلح موضوعي أو اسم جغرافي كعنصر مدخل Nanotechnology.
9 (RLIN) 17244
700 1# - المدخل الاضافى - اسم شخصى
الإسم الشخصى Grobmyer, Stephen R.
9 (RLIN) 17290
700 1# - المدخل الاضافى - اسم شخصى
الإسم الشخصى Moudgil, Brij M.
9 (RLIN) 17291
906 ## - عنصر بيانات محلى F, LDF (RLIN)
a 7
b cbc
c orignew
d 2
e epcn
f 20
g y-gencatlg
942 ## - عناصر المدخل الإضافي( كوها)
مصدر التصنيف او مخطط الترفيف Dewey Decimal Classification
Koha [default] item type DVD
المقتنيات
حالة الفقد نموذج السعر الفعال حالة تلف ليس للاعارة رقم الطلب تاريخ الاكتساب الموقع الحالي الباركود الفرع الرئيسي Date last seen نوع المادة فى نظام كوها مصدر التصنيف او خطة الترفيف Total Checkouts
  2013-03-10     616.994 CAN 2012-09-19 المكتبة المركزية بالمجمعة (CL) 00400037 المكتبة المركزية بالمجمعة (CL) 2013-03-10 كتاب Dewey Decimal Classification  
  2013-03-10     616.994 CAN 2012-12-28 المكتبة المركزية بالمجمعة (CL) 00400457 المكتبة المركزية بالمجمعة (CL) 2013-03-10 كتاب Dewey Decimal Classification  
  2013-03-10     616.994 CAN 2012-12-28 المكتبة المركزية بالمجمعة (CL) 00400458 المكتبة المركزية بالمجمعة (CL) 2013-03-10 كتاب Dewey Decimal Classification